Representation theory of Artin algebras /
Guardado en:
| Autor Principal: | |
|---|---|
| Otros Autores: | , |
| Formato: | Libro |
| Idioma: | English |
| Publicado: |
Cambridge :
Cambridge University Press,
1995.
|
| Series: | Cambridge studies in advanced mathematics ;
36 |
| Materias: | |
| Acceso en línea: | Publisher description Google Book Search |
| Etiquetas: |
Agregar Etiqueta
Sin Etiquetas, Sea el primero en etiquetar este registro!
|
| LEADER | 01476cam a2200313 a 4500 | ||
|---|---|---|---|
| 001 | MAT.inmabb003772 | ||
| 008 | 931105s1995####enk######b####001#0#eng## | ||
| 005 | 20130228153006.0 | ||
| 245 | 1 | 0 | |a Representation theory of Artin algebras / |c Maurice Auslander, Idun Reiten and Sverre O. Smalø. |
| 260 | |a Cambridge : |b Cambridge University Press, |c 1995. | ||
| 300 | |a xiv, 423 p. ; |c 24 cm. | ||
| 440 | 0 | |a Cambridge studies in advanced mathematics ; |v 36 | |
| 504 | |a Incluye referencias bibliográficas (p. 413-420) e índice. | ||
| 505 | 0 | |a 1. Artin rings -- 2. Artin algebras -- 3. Examples of algebras and modules -- 4. The transpose and the dual -- 5. Almost split sequences -- 6. Finite representation type -- 7. The Auslander-Reiten-quiver -- 8. Hereditary algebras -- 9. Short chains and cycles -- 10. Stable equivalence -- 11. Modules determining morphisms. | |
| 510 | 4 | |a MR, |c 96c:16015 | |
| 020 | |a 0521411343 | ||
| 020 | |a 0521599237 (pbk) | ||
| 100 | 1 | |a Auslander, Maurice. | |
| 700 | 1 | |a Reiten, Idun, |d 1942- | |
| 700 | 1 | |a Smalø, Sverre O. | |
| 650 | 0 | |a Artin rings. | |
| 650 | 0 | |a Artin algebras. | |
| 650 | 0 | |a Representations of algebras. | |
| 084 | |a 16G10 (16-02 16E30 16G70) |2 msc2000 | ||
| 010 | |a 93043326 | ||
| 040 | |a DLC |c DLC |d DLC | ||
| 856 | 4 | 2 | |3 Publisher description |u http://www.loc.gov/catdir/description/cam026/93043326.html |
| 856 | 4 | 1 | |u http://books.google.com/books?isbn=0521599237 |y Google Book Search |
| 859 | |h 16 |i Au932 |p A-7275 |b BIB. MATEMATICA | ||
